NBA Best Teams Starters 1990s - Statistics

General Stats
  • This quiz has been taken 1,330 times
  • The average score is 69 of 145
Answer Stats
Team Position Player % Correct
Bulls 1995-96 SG Michael Jordan
99%
Bulls 1995-96 SF Scottie Pippen
99%
Bulls 1995-96 PF Dennis Rodman
98%
Pistons 1989-90 SF Dennis Rodman
98%
Lakers 1990-91 PG Magic Johnson
96%
Jazz 1996-97 PG John Stockton
95%
Jazz 1996-97 PF Karl Malone
95%
Spurs 1998-99 C David Robinson
94%
Rockets 1993-94 C Hakeem Olajuwon
93%
Spurs 1998-99 PF Tim Duncan
93%
Pistons 1989-90 PG Isiah Thomas
92%
Magic 1994-95 C Shaquille O'Neal
92%
Suns 1992-93 PF Charles Barkley
90%
76ers 1989-90 SF Charles Barkley
90%
SuperSonics 1995-96 PG Gary Payton
90%
Pacers 1997-98 SG Reggie Miller
90%
Spurs 1998-99 PG Avery Johnson
89%
Trail Blazers 1989-90 SG Clyde Drexler
89%
SuperSonics 1995-96 C Ervin Johnson
89%
Suns 1992-93 PG Kevin Johnson
89%
Celtics 1990-91 PF Larry Bird
87%
Knicks 1993-94 C Patrick Ewing
87%
Magic 1994-95 PG Penny Hardaway
85%
SuperSonics 1995-96 PF Shawn Kemp
85%
Heat 1996-97 PG Tim Hardaway
85%
Warriors 1990-91 PG Tim Hardaway
85%
Lakers 1990-91 SF James Worthy
83%
Pistons 1989-90 SG Joe Dumars
83%
Heat 1996-97 C Alonzo Mourning
81%
Pistons 1989-90 C Bill Laimbeer
80%
Hawks 1993-94 SF Dominique Wilkins
80%
Knicks 1993-94 SF Charles Smith
77%
Knicks 1993-94 PG Derek Harper
77%
Mavericks 1989-90 PG Derek Harper
77%
Rockets 1993-94 PG Kenny Smith
77%
Bulls 1995-96 PG Ron Harper
77%
Clippers 1991-92 SG Ron Harper
77%
Cavaliers 1991-92 PG Mark Price
76%
Timberwolves 1997-98 PF Kevin Garnett
75%
Celtics 1990-91 C Robert Parish
73%
Pacers 1997-98 SF Chris Mullin
72%
Warriors 1990-91 SF Chris Mullin
72%
Bulls 1995-96 C Luc Longley
72%
Kings 1998-99 PF Chris Webber
68%
Bullets 1996-97 PF Chris Webber
68%
Clippers 1991-92 PG Gary Grant
68%
Magic 1994-95 PF Horace Grant
68%
Nuggets 1993-94 C Dikembe Mutombo
67%
Raptors 1998-99 PG Alvin Williams
65%
Trail Blazers 1989-90 PF Buck Williams
65%
Pacers 1997-98 PG Mark Jackson
65%
Nuggets 1993-94 SF Reggie Williams
65%
Kings 1998-99 PG Jason Williams
64%
Raptors 1998-99 SF Vince Carter
64%
Lakers 1990-91 C Vlade Divac
63%
Hornets 1997-98 C Vlade Divac
63%
Kings 1998-99 C Vlade Divac
63%
Hornets 1997-98 SF Glen Rice
60%
Jazz 1996-97 SG Jeff Hornacek
59%
Knicks 1993-94 SG John Starks
59%
Knicks 1993-94 PF Charles Oakley
57%
Raptors 1998-99 PF Charles Oakley
57%
Lakers 1990-91 SG Byron Scott
56%
Pacers 1997-98 C Rik Smits
56%
Nets 1993-94 PG Kenny Anderson
55%
Magic 1994-95 SG Nick Anderson
55%
Cavaliers 1991-92 C Brad Daugherty
54%
Rockets 1993-94 SF Robert Horry
53%
SuperSonics 1995-96 SF Detlef Schrempf
52%
Warriors 1990-91 SG Mitch Richmond
51%
Pacers 1997-98 PF Dale Davis
48%
Trail Blazers 1989-90 PG Terry Porter
47%
Cavaliers 1991-92 PF Larry Nance
44%
Spurs 1998-99 SF Sean Elliott
44%
Rockets 1993-94 SG Vernon Maxwell
44%
Jazz 1996-97 SF Bryon Russell
43%
Suns 1992-93 SG Dan Majerle
42%
Rockets 1993-94 PF Otis Thorpe
39%
Grizzlies 1997-98 PF Otis Thorpe
39%
Heat 1996-97 PF P.J. Brown
38%
Nets 1993-94 PF P.J. Brown
38%
Jazz 1996-97 C Greg Ostertag
35%
Celtics 1990-91 SG Reggie Lewis
35%
Mavericks 1989-90 SG Rolando Blackman
35%
Nets 1993-94 SF Derrick Coleman
32%
Spurs 1998-99 SG Mario Elie
32%
Pistons 1989-90 PF James Edwards
31%
Nets 1993-94 SG Kevin Edwards
31%
Hawks 1993-94 PF Kevin Willis
31%
Raptors 1998-99 C Kevin Willis
31%
Grizzlies 1997-98 SF Shareef Abdur-Rahim
31%
Bucks 1990-91 SF Fred Roberts
30%
SuperSonics 1995-96 SG Hersey Hawkins
30%
76ers 1989-90 SG Hersey Hawkins
30%
Timberwolves 1997-98 C Stanley Roberts
30%
Cavaliers 1991-92 SG Craig Ehlo
29%
Raptors 1998-99 SG Doug Christie
28%
Trail Blazers 1989-90 C Kevin Duckworth
28%
Nuggets 1993-94 PF LaPhonso Ellis
27%
Bucks 1990-91 SG Alvin Robertson
26%
Heat 1996-97 SF Jamal Mashburn
26%
Bullets 1996-97 SF Juwan Howard
26%
Suns 1992-93 C Mark West
26%
Timberwolves 1997-98 PG Stephon Marbury
26%
Trail Blazers 1989-90 SF Jerome Kersey
25%
Hawks 1993-94 PG Mookie Blaylock
25%
76ers 1989-90 PF Rick Mahorn
25%
Nuggets 1993-94 PG Mahmoud Abdul-Rauf
23%
Lakers 1990-91 PF Sam Perkins
23%
Mavericks 1989-90 PF Sam Perkins
23%
Clippers 1991-92 PF Danny Manning
21%
Hornets 1997-98 PF Anthony Mason
20%
Grizzlies 1997-98 C Bryant Reeves
20%
Bullets 1996-97 PG Rod Strickland
19%
Mavericks 1989-90 C James Donaldson
17%
76ers 1989-90 PG Johnny Dawkins
14%
Kings 1998-99 SF Corliss Williamson
13%
Suns 1992-93 SF Richard Dumas
12%
Hornets 1997-98 PG David Wesley
11%
Bullets 1996-97 C Gheorghe Mureșan
11%
Celtics 1990-91 PG Brian Shaw
10%
Grizzlies 1997-98 SG Sam Mack
10%
Timberwolves 1997-98 SF Sam Mitchell
10%
Hawks 1993-94 SG Stacey Augmon
10%
Heat 1996-97 SG Voshon Lenard
9%
Warriors 1990-91 C Alton Lister
8%
Nuggets 1993-94 SG Bryant Stith
8%
Hawks 1993-94 C Jon Koncak
8%
Hornets 1997-98 SG Bobby Phills
7%
Bullets 1996-97 SG Calbert Cheaney
7%
Nets 1993-94 C Benoit Benjamin
6%
Magic 1994-95 SF Donald Royal
6%
Celtics 1990-91 SF Kevin Gamble
6%
Cavaliers 1991-92 SF Mike Sanders
6%
Timberwolves 1997-98 SG Anthony Peeler
5%
Bucks 1990-91 PG Jay Humphries
5%
Clippers 1991-92 SF Loy Vaught
5%
Clippers 1991-92 C Olden Polynice
5%
Mavericks 1989-90 SF Roy Tarpley
5%
Grizzlies 1997-98 PG Antonio Daniels
4%
Bucks 1990-91 C Danny Schayes
4%
Bucks 1990-91 PF Frank Brickowski
4%
76ers 1989-90 C Mike Gminski
4%
Kings 1998-99 SG Tariq Abdul-Wahad
3%
Warriors 1990-91 PF Tom Tolbert
2%
No matching quizzes found
Score Distribution
Percent of People with Each Score
Percentile by Number Answered
Your Score History
You have not taken this quiz